[Event "Litomysl 2006"]
[Site "?"]
[Date "2006.12.29"]
[Round "5.30"]
[White "Konstacky, Matej"]
[Black "Jacko, Vladimir"]
[Result "1-0"]
[WhiteElo "2025"]
[BlackElo "2186"]
[PlyCount "65"]
[EventDate "2006.12.26"]

1. e4 c5 2. b4 cxb4 3. d4 g6 4. a3 bxa3 5. c3 Bg7 6. Bd3 d6 7. f4 Nh6 8. Nf3
O-O 9. O-O Nc6 10. h3 Kh8 11. Nxa3 f5 12. e5 d5 13. Nh2 Be6 14. Ra2 a6 15. g4
fxg4 16. hxg4 Qd7 17. Rg2 Rac8 18. Qf3 b5 19. Nc2 Na5 20. f5 gxf5 21. Bxh6 Bxh6
22. gxf5 Bxf5 23. Bxf5 e6 24. Qh3 Rg8 25. Qxh6 Rxg2+ 26. Kxg2 Qg7+ 27. Qxg7+
Kxg7 28. Bxe6 Rxc3 29. Rf2 Nc4 30. Nf1 a5 31. Bxd5 Nb6 32. Be4 b4 33. e6 1-0

[Event "Litomysl 2006"]
[Site "?"]
[Date "2006.12.29"]
[Round "5.31"]
[White "Benda, Robert"]
[Black "Goemann, Jens"]
[Result "1/2-1/2"]
[WhiteElo "2007"]
[BlackElo "2176"]
[PlyCount "40"]
[EventDate "2006.12.26"]

1. Nf3 Nf6 2. d4 g6 3. e3 Bg7 4. Bd3 c5 5. c3 b6 6. O-O Bb7 7. Nbd2 O-O 8. Qe2
d6 9. b3 a6 10. Bb2 Nbd7 11. c4 Nh5 12. Ne4 cxd4 13. Bxd4 Ne5 14. Nxe5 dxe5 15.
Bb2 Qc7 16. Rfd1 f5 17. Nc3 e6 18. Rac1 Bc6 19. Ba3 Rf7 20. Qe1 Qb7 1/2-1/2

[Event "Litomysl 2006"]
[Site "?"]
[Date "2006.12.29"]
[Round "5.37"]
[White "Van Nieuwenhuizen, Hans"]
[Black "Zelezny, Jiri"]
[Result "1-0"]
[WhiteElo "1955"]
[BlackElo "2120"]
[PlyCount "77"]
[EventDate "2006.12.26"]

1. d4 d5 2. c4 e6 3. Nc3 Nf6 4. Bg5 Be7 5. e3 O-O 6. Nf3 a6 7. Qc2 Nbd7 8. Bd3
dxc4 9. Bxc4 b5 10. Bd3 Bb7 11. Ne5 c5 12. Nxd7 Nxd7 13. Bxe7 Qxe7 14. Bxh7+
Kh8 15. Be4 Bxe4 16. Qxe4 c4 17. O-O Nf6 18. Qh4+ Kg8 19. Ne4 Nd5 20. Ng5 Nf6
21. f4 g6 22. e4 Kg7 23. e5 Nh5 24. g4 Rh8 25. gxh5 Rxh5 26. Qg3 Rah8 27. Rf2
Qd8 28. Qe3 Qd5 29. Re1 b4 30. Qe4 Qa5 31. Qb7 b3 32. Qxf7+ Kh6 33. Ra1 c3 34.
Qxe6 cxb2 35. Rxb2 Qc3 36. Qxb3 Qxd4+ 37. Kh1 Rf8 38. Qb7 Qxf4 39. Ne6 1-0

[Event "Litomysl 2006"]
[Site "?"]
[Date "2006.12.30"]
[Round "6.1"]
[White "Dydyshko, Viacheslav"]
[Black "Grunberg, Mihai-Lucian"]
[Result "1-0"]
[WhiteElo "2562"]
[BlackElo "2414"]
[PlyCount "57"]
[EventDate "2006.12.26"]

1. d4 f5 2. Nf3 Nf6 3. g3 g6 4. Bg2 Bg7 5. O-O O-O 6. c4 c6 7. Nc3 Ne4 8. Qc2
Nxc3 9. bxc3 d6 10. e4 fxe4 11. Qxe4 Bf5 12. Qh4 e5 13. Bg5 Qc7 14. c5 dxc5 15.
dxe5 Nd7 16. Be7 Rfe8 17. Qc4+ Kh8 18. Bd6 Qa5 19. Rfe1 Be6 20. Qh4 Qxc3 21.
Rac1 Qa3 22. Ng5 Bg8 23. f4 Nf8 24. Be4 Rad8 25. Bxf8 Bxf8 26. Nxh7 Bxh7 27.
Bxg6 Re7 28. Bxh7 Rd2 29. Bc2+ 1-0

[Event "Litomysl 2006"]
[Site "?"]
[Date "2006.12.30"]
[Round "6.2"]
[White "Simacek, Pavel"]
[Black "Cernousek, Lukas"]
[Result "1/2-1/2"]
[WhiteElo "2479"]
[BlackElo "2408"]
[PlyCount "120"]
[EventDate "2006.12.26"]

1. e4 e6 2. d3 d5 3. Nd2 Nf6 4. Ngf3 b6 5. c3 c5 6. e5 Nfd7 7. d4 Nc6 8. Bb5
Bb7 9. O-O Be7 10. Re1 Qc7 11. Nf1 O-O-O 12. Bf4 Rdg8 13. h4 h6 14. Bg3 a6 15.
Bd3 g5 16. hxg5 hxg5 17. Rc1 g4 18. N3h2 Bh4 19. Qe2 Bxg3 20. Nxg3 a5 21. Qe3
Qd8 22. Ngf1 Qh4 23. Qg3 Qxg3 24. Nxg3 cxd4 25. cxd4 Kd8 26. Ne2 Nb4 27. Bb1
Ba6 28. a3 Nd3 29. Bxd3 Bxd3 30. Ng3 Bc4 31. Rc3 a4 32. Ngf1 b5 33. Rg3 Bxf1
34. Nxf1 Rg6 35. Ne3 f5 36. exf6 Nxf6 37. f3 Rhg8 38. Kf1 gxf3 39. Rxg6 Rxg6
40. gxf3 Rh6 41. Kg2 Rh4 42. Rd1 Rf4 43. Rd3 Kd7 44. Nd1 Kc6 45. Nc3 Nd7 46.
Ne2 Rf8 47. Rc3+ Kd6 48. Kf2 e5 49. Ke3 Rb8 50. b4 axb3 51. Rxb3 Nb6 52. dxe5+
Kxe5 53. Nd4 Nc4+ 54. Kd3 Kf4 55. a4 b4 56. Nc6 Ne5+ 57. Nxe5 Kxe5 58. f4+ Kxf4
59. Kd4 Ra8 60. Rxb4 Ra5 1/2-1/2

[Event "Litomysl 2006"]
[Site "?"]
[Date "2006.12.30"]
[Round "6.3"]
[White "Slaby, Jerzy"]
[Black "Petr, Martin"]
[Result "1/2-1/2"]
[WhiteElo "2437"]
[BlackElo "2417"]
[PlyCount "66"]
[EventDate "2006.12.26"]

1. c4 e6 2. Nc3 d5 3. d4 c6 4. Nf3 Nf6 5. Bg5 dxc4 6. a4 b5 7. axb5 cxb5 8.
Nxb5 Qb6 9. Na3 Ne4 10. Bd2 Nxd2 11. Nxd2 Bxa3 12. Qa4+ Nd7 13. Qxa3 Qxd4 14.
e3 Qc5 15. Nxc4 O-O 16. Qxc5 Nxc5 17. Ra5 Nd7 18. Be2 Bb7 19. O-O Bd5 20. Rfa1
Rfc8 21. Nd6 Rc6 22. Nf5 Kf8 23. Nd4 Rc7 24. f3 Nb6 25. Bd3 Nc4 26. Nb5 Rd7 27.
Bxc4 Bxc4 28. Nxa7 Rd2 29. Nc6 Rxa5 30. Rxa5 f6 31. b4 Rd3 32. Kf2 Rd2+ 33. Kg1
Rd1+ 1/2-1/2

[Event "Litomysl 2006"]
[Site "?"]
[Date "2006.12.30"]
[Round "6.5"]
[White "Mudrak, Josef"]
[Black "Berescu, Alin"]
[Result "1/2-1/2"]
[WhiteElo "2343"]
[BlackElo "2485"]
[PlyCount "48"]
[EventDate "2006.12.26"]

1. d4 e6 2. Nf3 c5 3. g3 Nc6 4. Bg2 Qa5+ 5. c3 cxd4 6. Nxd4 d5 7. O-O Bd7 8. h3
Nf6 9. Be3 Be7 10. Nb3 Qc7 11. Bc5 Ne5 12. Bxe7 Kxe7 13. Nd4 Nc4 14. Qc1 Rhd8
15. Nd2 Nd6 16. N2f3 Nde4 17. Ng5 Nc5 18. c4 e5 19. Nb3 h6 20. cxd5 Rac8 21.
Nxc5 Qxc5 22. Nf3 e4 23. Qxc5+ Rxc5 24. Nd4 Rxd5 1/2-1/2

[Event "Litomysl 2006"]
[Site "?"]
[Date "2006.12.30"]
[Round "6.6"]
[White "Kaufeld, Juergen"]
[Black "Manik, Mikulas"]
[Result "1/2-1/2"]
[WhiteElo "2308"]
[BlackElo "2454"]
[PlyCount "30"]
[EventDate "2006.12.26"]

1. e4 c5 2. Nf3 e6 3. d4 cxd4 4. Nxd4 a6 5. Be2 Nf6 6. Nc3 Qc7 7. O-O Nc6 8.
Kh1 b5 9. Nxc6 dxc6 10. f4 Be7 11. e5 Nd5 12. Ne4 Bb7 13. a4 O-O 14. Qe1 Nb4
15. Qg3 Kh8 1/2-1/2

[Event "Litomysl 2006"]
[Site "?"]
[Date "2006.12.30"]
[Round "6.7"]
[White "Zawadzki, Stanislaw"]
[Black "Rutkowski, Maciej"]
[Result "0-1"]
[WhiteElo "2422"]
[BlackElo "2296"]
[PlyCount "276"]
[EventDate "2006.12.26"]

1. e4 c5 2. Nf3 Nc6 3. d4 cxd4 4. Nxd4 g6 5. c4 Bg7 6. Be3 d6 7. Nc3 Nf6 8. Be2
O-O 9. O-O Nxd4 10. Bxd4 Be6 11. Qd2 Qa5 12. Rfd1 Rfc8 13. b3 a6 14. Rab1 Rab8
15. Qb2 Ne8 16. Bxg7 Nxg7 17. Nd5 Bxd5 18. Rxd5 Qc7 19. Rbd1 Ne6 20. g3 Nc5 21.
e5 dxe5 22. Qxe5 Qxe5 23. Rxe5 e6 24. b4 Na4 25. Rc1 Nb6 26. a3 Rc7 27. Rc2 Rd8
28. c5 a5 29. Re4 axb4 30. axb4 Ra8 31. b5 Rac8 32. c6 bxc6 33. bxc6 Rxc6 34.
Rxc6 Rxc6 35. Rd4 Kg7 36. h4 h6 37. Kg2 Rc2 38. Ba6 Nd5 39. Bb7 Ne3+ 40. Kf3
Nf5 41. Rb4 Nd6 42. Ba8 Nc4 43. Kg2 Ne5 44. Rd4 f5 45. Bf3 Kf6 46. Bd1 Rb2 47.
Bf3 g5 48. hxg5+ hxg5 49. Bd1 Rb1 50. Rd2 Nc4 51. Rd4 Ne5 52. Rd2 Ra1 53. Bb3
Ra3 54. Bd1 Nd3 55. Be2 Nc5 56. Bf3 Rc3 57. Be2 Nb3 58. Rb2 Nd4 59. Rd2 Ke5 60.
Ra2 Rc2 61. Rxc2 Nxc2 62. Ba6 Ne1+ 63. Kf1 Nf3 64. Ke2 Nd4+ 65. Kd3 Nc6 66. Bc8
Kf6 67. Ke3 Ne7 68. Bb7 e5 69. Kd3 Ke6 70. Ke3 Nd5+ 71. Kd3 Kd6 72. Bc8 Ne7 73.
Bb7 Ke6 74. Ke3 Kf6 75. Kd3 Ng6 76. Bc8 g4 77. Ke3 Kg5 78. Kd3 Nf8 79. Kc4 Nh7
80. Kd3 Nf6 81. Ke3 Nh5 82. Bb7 f4+ 83. gxf4+ exf4+ 84. Ke2 Ng7 85. Bc6 Nf5 86.
Kf1 Nd4 87. Bd7 Nf3 88. Bc8 Kh4 89. Kg2 Nd2 90. Bb7 Nc4 91. Bd5 Ne5 92. Bb7 f3+
93. Kh2 Nd3 94. Kg1 Kh3 95. Bc8 Nf4 96. Bf5 Nd5 97. Bc8 Nb4 98. Bd7 Nd3 99. Bc8
Nc5 100. Bf5 Kh4 101. Bc8 Kg5 102. Kf1 Kf4 103. Kg1 g3 104. Bh3 Ne4 105. fxg3+
Kxg3 106. Bf1 f2+ 107. Kh1 Ng5 108. Ba6 Nh3 109. Bf1 Nf4 110. Be2 Nd5 111. Bf1
Nf6 112. Be2 Ng4 113. Ba6 Kf3 114. Bb7+ Ke2 115. Ba6+ Kf3 116. Bb7+ Kg3 117.
Ba6 Ne3 118. Be2 Kh3 119. Bf1+ Kg4 120. Ba6 Kf3 121. Bb7+ Kg3 122. Ba6 Nd5 123.
Bc4 Nc3 124. Be2 Nd1 125. Ba6 Nc3 126. Be2 Ne4 127. Bd3 Nf6 128. Be2 Nh5 129.
Ba6 Kf3 130. Bb7+ Ke3 131. Kg2 Ng3 132. Ba6 Ne2 133. Kf1 Nf4 134. Bb7 Ne6 135.
Ba6 Nc5 136. Bb5 Kf3 137. Bc6+ Kg3 138. Bb5 Nb3 0-1

[Event "Litomysl 2006"]
[Site "?"]
[Date "2006.12.30"]
[Round "6.8"]
[White "Villwock, Martin"]
[Black "Kanovsky, David"]
[Result "1-0"]
[WhiteElo "2170"]
[BlackElo "2390"]
[PlyCount "101"]
[EventDate "2006.12.26"]

1. d4 Nf6 2. c4 c5 3. d5 e6 4. Nc3 exd5 5. cxd5 d6 6. Nf3 g6 7. Bf4 a6 8. Nd2
Nh5 9. Qa4+ Qd7 10. Qe4+ Be7 11. Bxd6 Qxd6 12. Nc4 Qf4 13. Nb6 Nd7 14. Qxf4
Nxf4 15. Nxa8 b5 16. g3 b4 17. Na4 Bb7 18. gxf4 Bxa8 19. e4 f5 20. Bxa6 fxe4
21. Bb5 Kd8 22. O-O-O Bd6 23. Rhe1 Nf6 24. Nb6 Kc7 25. Nxa8+ Rxa8 26. Kc2 Bxf4
27. h3 Kd6 28. Kb3 Be5 29. Bc6 Rb8 30. f3 exf3 31. Rf1 Nh5 32. Rxf3 Nf4 33. Kc4
g5 34. Rg1 h6 35. h4 Bd4 36. Re1 Rf8 37. hxg5 hxg5 38. a4 bxa3 39. bxa3 g4 40.
Rb3 g3 41. Rb7 Rd8 42. Rf7 g2 43. Rxf4 g1=Q 44. Rxg1 Bxg1 45. Rg4 Bd4 46. a4
Rf8 47. Rg6+ Kc7 48. Bb5 Rf6 49. Rg7+ Kb6 50. Re7 Bf2 51. a5+ 1-0

[Event "Litomysl 2006"]
[Site "?"]
[Date "2006.12.30"]
[Round "6.9"]
[White "Jurkiewicz, Krzysztof"]
[Black "Zilka, Stepan"]
[Result "0-1"]
[WhiteElo "2147"]
[BlackElo "2375"]
[PlyCount "46"]
[EventDate "2006.12.26"]

1. d4 d5 2. c4 dxc4 3. Nf3 Nf6 4. e3 Bg4 5. Bxc4 e6 6. Qb3 Bxf3 7. gxf3 Nbd7 8.
Qxb7 c5 9. dxc5 Bxc5 10. Nd2 Rb8 11. Qc6 O-O 12. Ne4 Bb4+ 13. Ke2 Ne5 14. Nxf6+
Qxf6 15. Qe4 Nxc4 16. Qxc4 Rfc8 17. Qd3 Rd8 18. Qe4 e5 19. Kf1 Qe6 20. f4 Rd1+
21. Ke2 Qg4+ 22. f3 Qg2+ 23. Kxd1 Rd8+ 0-1

[Event "Litomysl 2006"]
[Site "?"]
[Date "2006.12.30"]
[Round "6.12"]
[White "Spirin, Oleg"]
[Black "Jedlicka, Ales"]
[Result "1-0"]
[WhiteElo "2345"]
[BlackElo "2235"]
[PlyCount "75"]
[EventDate "2006.12.26"]

1. d4 Nf6 2. c4 g6 3. Nc3 Bg7 4. g3 O-O 5. Bg2 d6 6. Nf3 Nc6 7. O-O a6 8. d5
Na5 9. Nd2 c5 10. Qc2 Rb8 11. b3 b5 12. Bb2 e5 13. Rab1 Ng4 14. h3 Nh6 15. e3
f5 16. f4 Bd7 17. Nd1 Nf7 18. Bc3 b4 19. Bb2 Nb7 20. Nf2 Qe7 21. Rbe1 Rbe8 22.
Nd3 h5 23. e4 h4 24. exf5 gxf5 25. fxe5 dxe5 26. Nf4 Qg5 27. gxh4 Qh6 28. Ne6
Bxe6 29. dxe6 Nfd6 30. Bxe5 Bxe5 31. Rxe5 Qxh4 32. Kh1 Qf6 33. Re2 Nd8 34. Qd3
Ne4 35. Nxe4 fxe4 36. Rxe4 Qc3 37. Rg4+ Kh8 38. Rh4+ 1-0

[Event "Litomysl 2006"]
[Site "?"]
[Date "2006.12.30"]
[Round "6.14"]
[White "Bartel, Michal"]
[Black "Grecescu, Gabriel-Andrei"]
[Result "1/2-1/2"]
[WhiteElo "2226"]
[BlackElo "2405"]
[PlyCount "59"]
[EventDate "2006.12.26"]

1. e4 c5 2. Ne2 g6 3. g3 Bg7 4. Bg2 Nc6 5. c3 d6 6. O-O e6 7. d4 cxd4 8. cxd4
Nge7 9. Nbc3 O-O 10. Bg5 h6 11. Be3 b6 12. Qd2 Kh7 13. Rac1 Ba6 14. Rfd1 Rc8
15. b3 Qd7 16. Nf4 Na5 17. d5 Rxc3 18. Rxc3 Bxc3 19. Qxc3 e5 20. Bh3 Qd8 21.
Nd3 f5 22. f3 Bc8 23. Bg2 Nb7 24. b4 Bd7 25. Rc1 Bb5 26. a4 Bxd3 27. Qxd3 Qd7
28. Bf1 Rc8 29. Rxc8 Nxc8 30. Qb5 1/2-1/2

[Event "Litomysl 2006"]
[Site "?"]
[Date "2006.12.30"]
[Round "6.19"]
[White "Cerveny, Martin"]
[Black "Gruber, Michael"]
[Result "1-0"]
[WhiteElo "2297"]
[BlackElo "2150"]
[PlyCount "55"]
[EventDate "2006.12.26"]

1. d4 f5 2. Bg5 g6 3. Nc3 Bg7 4. h4 d5 5. e3 Be6 6. Nh3 h6 7. Bf4 c6 8. Bd3 Nf6
9. f3 Nbd7 10. Qd2 Qa5 11. Nf2 Bf7 12. g4 fxg4 13. fxg4 c5 14. O-O-O c4 15. Be2
O-O-O 16. g5 hxg5 17. Bxg5 Bh6 18. e4 Bxg5 19. Qxg5 b5 20. a3 Nf8 21. Bf3 Ne6
22. Qe5 dxe4 23. Nfxe4 Nxe4 24. Qxe4 Qb6 25. Bg4 Kb8 26. Rhf1 Rhf8 27. Qe5+ Nc7
28. Qg7 1-0

[Event "Litomysl 2006"]
[Site "?"]
[Date "2006.12.30"]
[Round "6.21"]
[White "Pietrobon, Fabio"]
[Black "Bujnoch, Radek"]
[Result "1-0"]
[WhiteElo "2111"]
[BlackElo "2250"]
[PlyCount "81"]
[EventDate "2006.12.26"]

1. d4 d5 2. Nf3 Nf6 3. Bf4 c5 4. e3 Nc6 5. c3 Qb6 6. Qc2 Bf5 7. dxc5 Bxc2 8.
cxb6 Bxb1 9. Rxb1 axb6 10. a3 g6 11. Be2 Bg7 12. O-O O-O 13. Rfd1 Rfc8 14. h3
e6 15. Nd4 Na5 16. Nb5 Ne8 17. Nd6 Nxd6 18. Bxd6 Nc4 19. Bxc4 Rxc4 20. Rd2 Rd8
21. Bb4 b5 22. Re1 f5 23. f3 Bf6 24. Kf2 Kg7 25. Ra1 Ra8 26. Rad1 g5 27. Re1
Rd8 28. Red1 h5 29. Rd3 h4 30. b3 Rc6 31. e4 d4 32. cxd4 Rc2+ 33. Kf1 g4 34.
hxg4 fxg4 35. fxg4 Kg6 36. d5 Be5 37. dxe6 Rxd3 38. Rxd3 Rc6 39. e7 Re6 40. Rd8
Kf7 41. Rf8+ 1-0

[Event "Litomysl 2006"]
[Site "?"]
[Date "2006.12.30"]
[Round "6.22"]
[White "Valenta, Vit"]
[Black "Fiser, Jiri"]
[Result "0-1"]
[WhiteElo "2238"]
[BlackElo "2144"]
[PlyCount "60"]
[EventDate "2006.12.26"]

1. b4 d5 2. Bb2 Nd7 3. Nf3 Ngf6 4. e3 e6 5. b5 Bd6 6. d3 O-O 7. Nbd2 c5 8. c4
a5 9. g3 e5 10. cxd5 Nxd5 11. Nc4 Qe7 12. Bg2 N5b6 13. Nxd6 Qxd6 14. O-O f6 15.
a4 Rd8 16. Qb3+ Kh8 17. Rfd1 Nf8 18. Ba3 Be6 19. Qc2 Nfd7 20. d4 exd4 21. Rxd4
Qc7 22. Rh4 Bg8 23. Nd4 h6 24. Rc1 Nc4 25. Nf5 Nde5 26. Ra1 Rd2 27. Qe4 Rad8
28. f4 Rd1+ 29. Rxd1 Rxd1+ 30. Bf1 Rxf1+ 0-1

[Event "Litomysl 2006"]
[Site "?"]
[Date "2006.12.30"]
[Round "6.24"]
[White "Neumeier, Klaus"]
[Black "Goemann, Jens"]
[Result "1/2-1/2"]
[WhiteElo "2289"]
[BlackElo "2176"]
[PlyCount "73"]
[EventDate "2006.12.26"]

1. e4 e6 2. d4 d5 3. Nd2 c5 4. exd5 exd5 5. Ngf3 Nc6 6. Bb5 Bd6 7. dxc5 Bxc5 8.
O-O Nge7 9. Nb3 Bd6 10. c3 O-O 11. Bd3 Ng6 12. Ng5 Nce5 13. Bc2 h6 14. f4 Nxf4
15. Bh7+ Kh8 16. Bxf4 hxg5 17. Bxe5 Bxe5 18. Bf5 g6 19. Bxc8 Rxc8 20. Rf3 Qb6+
21. Kh1 Rcd8 22. Rd3 Kg7 23. Qf3 Rh8 24. g3 g4 25. Qe3 Qxe3 26. Rxe3 Rh5 27.
Rae1 f6 28. R1e2 b6 29. Rd3 Kf7 30. Red2 Ke6 31. Nd4+ Bxd4 32. Rxd4 f5 33. c4
Rh7 34. Re2+ Kf6 35. cxd5 Rhd7 36. Re6+ Kf7 37. Re5 1/2-1/2

[Event "Litomysl 2006"]
[Site "?"]
[Date "2006.12.30"]
[Round "6.27"]
[White "Bebel, Arkadiusz"]
[Black "Zakharchenko, Arnold"]
[Result "1/2-1/2"]
[WhiteElo "2133"]
[BlackElo "2263"]
[PlyCount "65"]
[EventDate "2006.12.26"]

1. e4 c5 2. Nf3 Nc6 3. d4 cxd4 4. Nxd4 g6 5. c4 Bg7 6. Be3 Nh6 7. Be2 d6 8. Nc3
O-O 9. Nxc6 bxc6 10. Qd2 Ng4 11. Bxg4 Bxg4 12. Rc1 Be6 13. b3 Qa5 14. O-O f5
15. Bh6 Bxh6 16. Qxh6 f4 17. f3 Qe5 18. h4 Rad8 19. Qg5 Qxg5 20. hxg5 h6 21.
gxh6 Kh7 22. Kf2 Kxh6 23. Ne2 c5 24. Rh1+ Kg5 25. Rh7 Rf7 26. Rch1 Rxh7 27.
Rxh7 Re8 28. g3 fxg3+ 29. Kxg3 Bg8 30. Rh1 Kf6 31. f4 Be6 32. Rh7 Bg8 33. Rh1
1/2-1/2

[Event "Litomysl 2006"]
[Site "?"]
[Date "2006.12.30"]
[Round "6.30"]
[White "Aepfler, Christian"]
[Black "Simecek, Bohumil"]
[Result "1-0"]
[WhiteElo "2235"]
[BlackElo "2095"]
[PlyCount "69"]
[EventDate "2006.12.26"]

1. e4 d5 2. Nc3 d4 3. Nce2 e5 4. Ng3 Be6 5. Nf3 f6 6. Bb5+ Nd7 7. O-O g6 8. Ba4
Bg7 9. Qe2 a6 10. Bb3 Qe7 11. d3 Bh6 12. Ne1 Bxc1 13. Rxc1 Nc5 14. Qd2 Bxb3 15.
axb3 Ne6 16. Ne2 g5 17. b4 h5 18. c3 O-O-O 19. c4 h4 20. Nc2 g4 21. f4 gxf3 22.
Rxf3 Ng5 23. Rff1 Nh6 24. Kh1 Ng4 25. Ng1 Rdg8 26. h3 Nh6 27. b5 Ne6 28. bxa6
bxa6 29. Nb4 Nf4 30. Nd5 Nxd5 31. cxd5 Rg3 32. Rc6 Qg7 33. d6 Ng4 34. Qa5 Rh7
35. Qxa6+ 1-0

[Event "Litomysl 2006"]
[Site "?"]
[Date "2006.12.30"]
[Round "6.32"]
[White "Plat, Vojtech"]
[Black "Van Nieuwenhuizen, Hans"]
[Result "1-0"]
[WhiteElo "2252"]
[BlackElo "1955"]
[PlyCount "87"]
[EventDate "2006.12.26"]

1. e4 g6 2. d4 Bg7 3. Nf3 d6 4. Bd3 e5 5. dxe5 dxe5 6. O-O Nc6 7. Be3 Nge7 8.
Nc3 O-O 9. h3 Nb4 10. Bc4 Qxd1 11. Raxd1 b6 12. Rd2 Ba6 13. Bxa6 Nxa6 14. Rd7
Nc6 15. Rfd1 Rad8 16. Nb5 Rxd7 17. Rxd7 Rc8 18. Ng5 Ncb8 19. Nxa7 Nxd7 20. Nxc8
h6 21. Nf3 Nb4 22. c3 Nxa2 23. Ne7+ Kf8 24. Nd5 c5 25. Nxb6 Ke8 26. Nxd7 Kxd7
27. Bxc5 f5 28. exf5 gxf5 29. Be3 Ke6 30. Kf1 f4 31. Bd2 Kd5 32. b3 e4 33. c4+
Kc5 34. Nh4 e3 35. fxe3 fxe3 36. Bxe3+ Kb4 37. Nf5 Bf8 38. Bxh6 Bc5 39. Be3 Bf8
40. g4 Kxb3 41. g5 Kxc4 42. g6 Nc3 43. Bh6 Bxh6 44. Nxh6 1-0

[Event "Litomysl 2006"]
[Site "?"]
[Date "2006.12.30"]
[Round "7.2"]
[White "Cernousek, Lukas"]
[Black "Kraemer, Martin"]
[Result "1-0"]
[WhiteElo "2408"]
[BlackElo "2435"]
[PlyCount "93"]
[EventDate "2006.12.26"]

1. Nf3 Nf6 2. g3 d5 3. d4 e6 4. Bg2 b5 5. O-O Be7 6. Ne5 O-O 7. b3 Nfd7 8. e4
Nxe5 9. exd5 Ned7 10. d6 cxd6 11. Bxa8 d5 12. Bf4 Ba6 13. c4 bxc4 14. bxc4 Nb6
15. Bxb8 Qxb8 16. Bc6 Bxc4 17. Re1 Rc8 18. Ba4 Nxa4 19. Qxa4 Qb2 20. Qd7 Rf8
21. Nd2 Qxd2 22. Qxe7 Qxd4 23. Rad1 Qb6 24. Rb1 Qa5 25. a3 a6 26. Red1 Qc3 27.
Qc5 Qf3 28. Qe3 Qf5 29. Rb7 h6 30. Re1 Rc8 31. Qe5 Qxe5 32. Rxe5 Bb5 33. Re1 g5
34. h3 Rc3 35. Ra1 Kg7 36. a4 Bd3 37. Re1 Kf6 38. Re3 Rc1+ 39. Kh2 Be4 40. f3
Bf5 41. g4 d4 42. Re2 Bg6 43. Rb4 d3 44. Rd2 Rc2 45. Rb2 Ke5 46. Kg3 Kd4 47.
Rbxc2 1-0

[Event "Litomysl 2006"]
[Site "?"]
[Date "2006.12.30"]
[Round "7.4"]
[White "Petr, Martin"]
[Black "Spirin, Oleg"]
[Result "1-0"]
[WhiteElo "2417"]
[BlackElo "2345"]
[PlyCount "49"]
[EventDate "2006.12.26"]

1. e4 c5 2. Nf3 a6 3. Nc3 d6 4. d4 cxd4 5. Nxd4 Nf6 6. Be3 e6 7. g4 h6 8. f3 b5
9. Qd2 Nbd7 10. O-O-O Ne5 11. Bd3 b4 12. Nce2 d5 13. exd5 Nxd5 14. Nf4 Bc5 15.
Nxd5 exd5 16. Nc6 Nxc6 17. Bxc5 Qa5 18. Qe3+ Be6 19. Bf5 d4 20. Rxd4 Nxd4 21.
Qxd4 Qc7 22. Re1 Qd7 23. Qc4 Qb5 24. Rxe6+ fxe6 25. Qxe6+ 1-0

[Event "Litomysl 2006"]
[Site "?"]
[Date "2006.12.30"]
[Round "7.6"]
[White "Zilka, Stepan"]
[Black "Villwock, Martin"]
[Result "1-0"]
[WhiteElo "2375"]
[BlackElo "2170"]
[PlyCount "33"]
[EventDate "2006.12.26"]

1. e4 e5 2. Nf3 Nc6 3. Be2 f5 4. d4 fxe4 5. Nxe5 Nf6 6. Nc3 Be7 7. Bg5 d5 8.
O-O Be6 9. Bb5 Bd7 10. Bxf6 Bxf6 11. Nxd7 Qxd7 12. Qh5+ Qf7 13. Qxd5 Qxd5 14.
Nxd5 O-O-O 15. Nxf6 Nxd4 16. Bd7+ Kb8 17. Rfd1 1-0

[Event "Litomysl 2006"]
[Site "?"]
[Date "2006.12.30"]
[Round "7.8"]
[White "Manik, Mikulas"]
[Black "Cerveny, Martin"]
[Result "1/2-1/2"]
[WhiteElo "2454"]
[BlackElo "2297"]
[PlyCount "50"]
[EventDate "2006.12.26"]

1. e4 c5 2. Nf3 d6 3. d4 cxd4 4. Nxd4 Nf6 5. Nc3 a6 6. Bg5 e6 7. f4 Qc7 8. Qf3
b5 9. Bxf6 gxf6 10. a3 Nc6 11. Nxc6 Qxc6 12. f5 Be7 13. fxe6 fxe6 14. Qh5+ Kd8
15. O-O-O Bd7 16. g3 Qc5 17. Qxc5 dxc5 18. Bh3 Kc7 19. Rhf1 Rad8 20. Ne2 Bc8
21. Nf4 e5 22. Rxd8 Rxd8 23. Nd5+ Rxd5 24. Bxc8 Rd4 25. Bf5 h6 1/2-1/2

[Event "Litomysl 2006"]
[Site "?"]
[Date "2006.12.30"]
[Round "7.9"]
[White "Cerveny, Petr"]
[Black "Groetz, Harald"]
[Result "1/2-1/2"]
[WhiteElo "2286"]
[BlackElo "2399"]
[PlyCount "62"]
[EventDate "2006.12.26"]

1. e4 c5 2. Nf3 d6 3. d4 cxd4 4. Nxd4 Nf6 5. Nc3 Nc6 6. Bc4 e6 7. Be3 Be7 8.
Qe2 Bd7 9. O-O-O Rc8 10. Ndb5 Qa5 11. Nxd6+ Bxd6 12. Rxd6 Ne5 13. Rd4 O-O 14.
Bb3 b5 15. a3 Nc6 16. Rdd1 b4 17. Nb1 Ne5 18. Qe1 Ba4 19. axb4 Bxb3 20. Bc5 Qa6
21. Qc3 Nxe4 22. Qxe5 Nxc5 23. bxc5 Bd5 24. Qd4 Qa5 25. Rd3 Qxc5 26. Qxc5 Rxc5
27. f3 Rfc8 28. Rc3 g5 29. Rxc5 Rxc5 30. Nc3 Ra5 31. Kd2 Bb7 1/2-1/2

[Event "Litomysl 2006"]
[Site "?"]
[Date "2006.12.30"]
[Round "7.11"]
[White "Vyskocil, Neklan"]
[Black "Fuchs, Georg"]
[Result "0-1"]
[WhiteElo "2374"]
[BlackElo "2194"]
[PlyCount "46"]
[EventDate "2006.12.26"]

1. e4 e5 2. Nf3 Nf6 3. Nxe5 d6 4. Nf3 Nxe4 5. Nc3 Nxc3 6. dxc3 Be7 7. Bf4 O-O
8. Qd2 Be6 9. h4 Nc6 10. Bd3 Qd7 11. Ng5 Bf5 12. O-O-O Ne5 13. Bxe5 dxe5 14.
Qe3 Bxd3 15. Rxd3 Qf5 16. Rhd1 h6 17. Nf3 e4 18. Rd5 Qe6 19. Re5 Qxa2 20. Rxe4
Bf6 21. Rd3 Qa1+ 22. Kd2 Qxb2 23. Rb4 Bxc3+ 0-1

[Event "Litomysl 2006"]
[Site "?"]
[Date "2006.12.30"]
[Round "7.12"]
[White "Toma, Katarzyna"]
[Black "Mudrak, Josef"]
[Result "0-1"]
[WhiteElo "2268"]
[BlackElo "2343"]
[PlyCount "80"]
[EventDate "2006.12.26"]

1. e4 e5 2. Nf3 d6 3. d4 exd4 4. Nxd4 Nf6 5. Nc3 Be7 6. g3 Bg4 7. f3 Bc8 8. Bc4
c6 9. a4 O-O 10. Nde2 Re8 11. Be3 d5 12. exd5 Bh3 13. Kf2 Bd6 14. Qd2 cxd5 15.
Nxd5 Nc6 16. Ndf4 Ne5 17. Bb5 Neg4+ 18. Ke1 Nxe3 19. Nxh3 Qb6 20. Bxe8 Rxe8 21.
c3 Nc4 22. Qc2 h6 23. Nf2 Nd5 24. a5 Nde3 25. Qa4 Qd8 26. Ne4 Rxe4 27. fxe4
Bxg3+ 28. hxg3 Qd2+ 29. Kf2 Ng4+ 30. Kg2 Qxe2+ 31. Kh3 Nf2+ 32. Kh2 Nxe4+ 33.
Kh3 Ng5+ 34. Kh4 f5 35. Qd1 Qe4+ 36. g4 Nf3+ 37. Kg3 f4+ 38. Kh3 Ne3 39. Qd8+
Kh7 40. Rad1 Ng5+ 0-1

[Event "Litomysl 2006"]
[Site "?"]
[Date "2006.12.30"]
[Round "7.13"]
[White "Fiser, Jiri"]
[Black "Sabol, Marian"]
[Result "1/2-1/2"]
[WhiteElo "2144"]
[BlackElo "2310"]
[PlyCount "35"]
[EventDate "2006.12.26"]

1. e4 c6 2. d4 d5 3. exd5 cxd5 4. c4 Nf6 5. Nc3 g6 6. Bg5 Ne4 7. Nxe4 dxe4 8.
Qd2 h6 9. Be3 Bg7 10. Ne2 Nc6 11. Rd1 Bg4 12. h3 Bxe2 13. Bxe2 e5 14. d5 Nd4
15. O-O O-O 16. Rfe1 Kh7 17. Bf1 f5 18. b4 1/2-1/2

[Event "Litomysl 2006"]
[Site "?"]
[Date "2006.12.30"]
[Round "7.18"]
[White "Svoboda, Vaclav"]
[Black "Kadziolka, Beata"]
[Result "1/2-1/2"]
[WhiteElo "2129"]
[BlackElo "2346"]
[PlyCount "49"]
[EventDate "2006.12.26"]

1. e4 c5 2. Nf3 d6 3. d4 cxd4 4. Nxd4 Nf6 5. Nc3 a6 6. Bc4 e6 7. Bb3 b5 8. a3
Be7 9. O-O O-O 10. f4 Bb7 11. Re1 Nc6 12. f5 Nxd4 13. Qxd4 e5 14. Qd3 Rc8 15.
Be3 Rxc3 16. Qxc3 Nxe4 17. Qd3 d5 18. c3 Qa8 19. Qe2 Rd8 20. Rad1 Bf6 21. Bc2
Nd6 22. Qg4 Nc4 23. Bh6 Kf8 24. Bc1 Qa7+ 25. Kh1 1/2-1/2

[Event "Litomysl 2006"]
[Site "?"]
[Date "2006.12.30"]
[Round "7.19"]
[White "Ganaus, Hannes"]
[Black "Jurkiewicz, Krzysztof"]
[Result "1/2-1/2"]
[WhiteElo "2326"]
[BlackElo "2147"]
[PlyCount "78"]
[EventDate "2006.12.26"]

1. d4 Nf6 2. Nf3 g6 3. Bg5 Bg7 4. c3 c5 5. e3 b6 6. Nbd2 Bb7 7. Bd3 O-O 8. O-O
d6 9. Qe2 Nc6 10. Rfe1 Qd7 11. a4 a5 12. Nc4 Qc7 13. Na3 Na7 14. e4 e5 15. dxe5
dxe5 16. Bxf6 Bxf6 17. Bc4 Rad8 18. Red1 Rd7 19. Nb5 Nxb5 20. Bxb5 Rxd1+ 21.
Rxd1 Rd8 22. Rxd8+ Qxd8 23. Kf1 Qa8 24. Nd2 Bg5 25. f3 Qd8 26. Nc4 h5 27. g3
Qf6 28. Qd3 Bc8 29. Kg1 h4 30. Nd6 Be3+ 31. Qxe3 Qxd6 32. gxh4 Bh3 33. Kf2 Qd1
34. Qe2 Qc1 35. Kg3 Be6 36. Kg2 Kg7 37. Qf2 Qd1 38. Qe2 Qc1 39. Qf2 Qd1 1/2-1/2